00485nam a2200193 a 4500001001300000003000900013005001700022008004100039020002300080082001500103100001800118245002600136260003400162300000900196500003500205505001000240650002300250700001800273nice12345678IN_TiNIC20260116014751.0080313s2007 jaia grp 000 0 eng  a8183761291 c65000a305.4bGUP aGupta, Prachi aReligion and Feminism aJaipurbABD Publishers c2007 a203p aincludes index and biblioraphy2 aIndex aWomen and Religion1 aGupta, Prachi